Rethinking the ‘local state’ and local capacity (Record no. 529075)

000 -LEADER
fixed length control field 01433nam a22001457a 4500
008 - FIXED-LENGTH DATA ELEMENTS--GENERAL INFORMATION
fixed length control field 250219b ||||| |||| 00| 0 eng d
100 ## - MAIN ENTRY--PERSONAL NAME
Personal name Pill, Madeleine
245 ## - TITLE STATEMENT
Title Rethinking the ‘local state’ and local capacity
260 ## - PUBLICATION, DISTRIBUTION, ETC. (IMPRINT)
Place of publication, distribution, etc Local Government Studies
300 ## - PHYSICAL DESCRIPTION
Extent 50(6), Dec, 2024: p.998-1007
520 ## - SUMMARY, ETC.
Summary, etc Considering the state-society relationships of local governance leads to conceptual and practical questions about local capacity to decide and pursue local priorities and meet local needs and the role of local government in these processes. In England’s extremely centralised governmental system, debates about local capacity tend to be subsumed by the constraints to which it is subject. Combining scholarship on policy capacity, local governance conjunctures over time and local government’s role within these informs conceptualisation of a plural, relational local state. This draws attention to local government’s every day, intra-locality relations with its constituent communities, broadening a vertical, reductive perspective to a horizontal, more generative understanding of local capacity to care for place through collective practices.- Reproduced

https://www.tandfonline.com/doi/full/10.1080/03003930.2024.2377224#abstr
650 ## - SUBJECT ADDED ENTRY--TOPICAL TERM
Topical term or geographic name as entry element Local government, Local capacity, Everyday practices, Relational local state.
9 (RLIN) 50732
773 ## - HOST ITEM ENTRY
Main entry heading Local Government Studies
942 ## - ADDED ENTRY ELEMENTS (KOHA)
Item type Articles
Holdings
Withdrawn status Lost status Source of classification or shelving scheme Damaged status Not for loan Permanent location Current location Date acquired Serial Enumeration / chronology Barcode Date last seen Koha item type
          Indian Institute of Public Administration Indian Institute of Public Administration 2025-02-19 50(6), Dec, 2024: p.998-1007 AR135228 2025-02-19 Articles

Powered by Koha